| 000 | 00632nam a22001937a 4500 | ||
|---|---|---|---|
| 005 | 20241203143128.0 | ||
| 010 | _aENG-142776 | ||
| 020 |
_a9789355328526 _c370.00 |
||
| 035 | _aEN-126308 | ||
| 037 | _bDBAD | ||
| 082 | _a363.2 | ||
| 100 |
_aAshok Kumar _974597 |
||
| 245 |
_aChallenges to Internal security of India/ _cby Ashok Kumar [and] Vipul Anekant |
||
| 260 |
_aChennai _bMcGraw Hill Education Private Ltd _c2024 |
||
| 270 |
_aAnjana Complex No. 5/90 A, Butt Road, St Thomas Mount _bChennai _e600016 |
||
| 300 |
_axix292p. _c23cm(pb) |
||
| 700 |
_aAnekant, Vipul _974598 |
||
| 942 |
_2ddc _cEN _mASH _h363.2 |
||
| 999 |
_c207368 _d207368 |
||